पत्रकारिता में अनुवाद (Record no. 1016232)

MARC details
000 -LEADER
fixed length control field 01196nam a2200301Ia 4500
003 - CONTROL NUMBER IDENTIFIER
control field OSt
005 - DATE AND TIME OF LATEST TRANSACTION
control field 20221005105558.0
008 - FIXED-LENGTH DATA ELEMENTS--GENERAL INFORMATION
fixed length control field 221004b |||||||| |||| 00| 0 hin d
020 ## - INTERNATIONAL STANDARD BOOK NUMBER
International Standard Book Number 8171198457 (hbk)
037 ## - SOURCE OF ACQUISITION
Terms of availability Textual
040 ## - CATALOGING SOURCE
Original cataloging agency CRL
Transcribing agency CRL
Language of cataloging hin
041 ## - LANGUAGE CODE
Source of code hin
Language code of text/sound track or separate title hin
100 ## - MAIN ENTRY--PERSONAL NAME
Personal name गुप्त, जितेन्द्र
245 #0 - TITLE STATEMENT
Title पत्रकारिता में अनुवाद
246 ## - VARYING FORM OF TITLE
Title proper/short title Patrakāritā mean anuvāda
260 ## - PUBLICATION, DISTRIBUTION, ETC.
Place of publication, distribution, etc. नई दिल्ली
Name of publisher, distributor, etc. राधाकृष्ण भारत
Date of publication, distribution, etc. 1993
300 ## - PHYSICAL DESCRIPTION
Extent 107पृ0
Dimensions cm.
650 ## - SUBJECT ADDED ENTRY--TOPICAL TERM
Topical term or geographic name entry element हिन्दी पत्रकारिता
700 ## - ADDED ENTRY--PERSONAL NAME
Personal name अरूण प्रकाश
700 ## - ADDED ENTRY--PERSONAL NAME
Personal name प्रियदर्शन
700 ## - ADDED ENTRY--PERSONAL NAME
Personal name जोशी, रामशरण, संपा.
942 ## - ADDED ENTRY ELEMENTS (KOHA)
Classification part 4:(P:795), 152N3
Koha item type Textual
Source of classification or shelving scheme
Holdings
Withdrawn status Lost status Damaged status Not for loan Home library Current library Date acquired Source of acquisition Total Checkouts Full call number Barcode Date last seen Price effective from Koha item type
        Central Library Central Library 2022-10-05 Gift, 10/05/2016,   4:(P:795) 152N3 CL1170848 2022-10-05 2022-10-05 Textual
Copyright @ Delhi University Library System